Choosing a better life : an inspiring step-by-step guide to building the future you want

Bibliographic Details
Main Author: Jones, Hilary
Other Authors: Gilbert, Frank
Format: Book
Published: Kuala Lumpur : Golden Books Centre , 2000
Subjects:

MARC

LEADER 00000cam a2200000 7i4500
001 0000003375
005 20050824.0
020 0 0 |a 9837204354 
090 0 0 |a 158.1   |b JON 
100 1 0 |a Jones, Hilary 
245 1 0 |a Choosing a better life :   |b an inspiring step-by-step guide to building the future you want   |c Hilary Jones, Frank Gilbert 
260 0 0 |a Kuala Lumpur :   |b Golden Books Centre ,   |c 2000 
300 |a xiii, 202p. ;   |c 24cm. 
650 0 0 |a Self-confidence 
650 0 0 |a Self-esteem 
650 0 0 |a Success   |x Psychological aspects 
700 1 1 |a Gilbert, Frank 
999 |a 0000006310   |b Monograph   |c Open Shelf   |e Default branch